MCQs for Ross and Wilson Anatomy and Physiology in Health and IIIness (Record no. 8465)

MARC details
000 -LEADER
fixed length control field 01029nam a2200193 4500
020 ## - INTERNATIONAL STANDARD BOOK NUMBER
ISBN 9780702069826
050 ## - CALL NUMBER
Classification number RT69.7
Item number .W35
100 ## - AUTHOR
Personal name Elsevier
245 ## - TITLE
Title MCQs for Ross and Wilson Anatomy and Physiology in Health and IIIness
Statement of responsibility, etc Waugh Anne, Grant Alison
250 ## - EDITION
Edition statement 12th Edition
260 ## - PUBLICATION INFORMATION
Place of publication Jordan
Name of publisher Elsevier
Year of publication 2016
300 ## - DESCRIPTION
Number of Pages vii, 194
500 ## - NOTES
General note Includes Index
505 ## - FORMATTED CONTENTS NOTE
Table of Content 1. Introduction to the Human Body<br/>2. Introduction to the Chemistry of Life <br/>3. The Cells, Tissues, and Organization of the Body<br/>4. The Blood<br/>5. The Cardiovascular System <br/>6. The Lymphatic System<br/>7. The Nervous System <br/>8. The Special Senses <br/>9. The Endocrine System<br/>10. The Respiratory System<br/>11. Introduction to Nutrition <br/>12. The Digestive System <br/>13. The Urinary System<br/>14. The Skin <br/>15. Resistance and Immunity <br/>16. The Musculoskeletal System<br/>17. Introduction to Genetics <br/>18. The Reproductive System
650 ## - SUBJECTS
Topical Term Anatomy and Physiology
710 ## - OTHER AUTHORS
OTHER AUTHORS Ross and Wilson
942 ## - ADDED ENTRY ELEMENTS (KOHA)
Koha item type Books
Holdings
Withdrawn status Lost status Collection code Home library Current library Shelving location Date acquired Source of acquisition Cost, normal purchase price Full call number Accession Number Koha item type
    Reference Methodist University Library Main Methodist University Library Main General Stacks 13/08/2025 Purchased 170.00 RT69 .7.W35 9128 Books
    Reference Methodist University Library Main Methodist University Library Main General Stacks 13/08/2025 Purchased 170.00 RT69 .7.W35 9129 Books
Copyright © 2026  MUG Library